ਕੁਈਰ ਸਿਧਾਂਤ ਅਤੇ ਪੰਜਾਬੀ ਗਲਪ ਵਿੱਚ ਤੀਜੇ ਲਿੰਗ ਦੀ ਪਛਾਣ ਦੇ ਮਸਲੇ (Record no. 1851161)

MARC details
000 -LEADER
fixed length control field 00883nam a22002057a 4500
005 - DATE AND TIME OF LATEST TRANSACTION
control field 20260511113415.0
008 - FIXED-LENGTH DATA ELEMENTS--GENERAL INFORMATION
fixed length control field 260511b |||||||| |||| 00| 0 eng d
040 ## - CATALOGING SOURCE
Transcribing agency CRL
041 ## - LANGUAGE CODE
Language code of text Pun
100 ## - MAIN ENTRY--PERSONAL NAME
Student/researcher name ਸਿੰਘ, ਮਨਜੀਤ
245 ## - TITLE STATEMENT
Title ਕੁਈਰ ਸਿਧਾਂਤ ਅਤੇ ਪੰਜਾਬੀ ਗਲਪ ਵਿੱਚ ਤੀਜੇ ਲਿੰਗ ਦੀ ਪਛਾਣ ਦੇ ਮਸਲੇ
Statement of responsibility, etc. by ਮਨਜੀਤ ਸਿੰਘ
260 ## - PUBLICATION, DISTRIBUTION, ETC.
Place of publication, distribution, etc. ਦਿੱਲੀ:
Name of publisher, distributor, etc. ਯੂਨੀਵਰਸਿਟੀ ਔਫ ਦਿੱਲੀ,
Date of publication, distribution, etc. 2025.
300 ## - PHYSICAL DESCRIPTION
Extent 231p.
502 ## - Thesis Note
Degree type Ph.D.
Name of granting institution ਯੂਨੀਵਰਸਿਟੀ ਔਫ ਦਿੱਲੀ
650 ## - SUBJECT ADDED ENTRY--TOPICAL TERM
LCSH or local subjects ਪੰਜਾਬੀ ਲਿਟ੍ਰੇਚਰ
700 ## - ADDED ENTRY--PERSONAL NAME
Supervisor / Guide name ਗੋਜਰ, ਕੁਲਵੀਰ
710 ## - ADDED ENTRY--CORPORATE NAME
Department ਡਿਪਾਰਟਮੇਂਟ ਔਫ ਪੰਜਾਬੀ.
942 ## - ADDED ENTRY ELEMENTS (KOHA)
Koha item type Thesis
650 ## - SUBJECT ADDED ENTRY--TOPICAL TERM
-- 1238939
700 ## - ADDED ENTRY--PERSONAL NAME
-- 1238940
710 ## - ADDED ENTRY--CORPORATE NAME
-- 1238941
999 ## -
-- 1851161
-- 1851161
Holdings
Withdrawn status Lost status Not for loan Home library Current library Date acquired Accession Number Koha item type
      Central Library Central Library 2026-05-11 TH0028504 Thesis
Copyright @ Delhi University Library System